00463 2200169 4500001002100000008004100021035002000062245006600082100001300148260004100161300001300202020002200215084001400237082000800251650001600259990001800275INLIS000000000000916 ind  a0010-0724000916 aEnsiklopedia, SahabatkubEnsiklopedia IPA untuk SMPcSukarman aSukarman aJakarta Selatan :bCV Ricardo,c2008 a118 hlm. a978-979-3644-26-4 a503 SUK e a503 aEnsiklopedi aP29/CP/24/916